A biblical administration of the church and society : (Record no. 141129)

MARC details
000 -LEADER
fixed length control field 00680nam a22001817a 4500
005 - DATE AND TIME OF LATEST TRANSACTION
control field 20170630152046.0
010 ## - LCCN (DPL NO)
LC control number ENG-118657
020 ## - INTERNATIONAL STANDARD BOOK NUMBER
International Standard Book Number 9788184655582
Terms of availability 450.00
035 ## - SYSTEM CONTROL NUMBER
System control number EN-102189
037 ## - SOURCE OF ACQUISITION
Source of stock number/acquisition DBAD/PUB
082 ## - DEWEY DECIMAL CLASSIFICATION NUMBER
Classification number 280.21
100 ## - MAIN ENTRY--PERSONAL NAME
Personal name Daniel D. Rupwate
245 ## - TITLE STATEMENT
Title A biblical administration of the church and society :
Statement of responsibility, etc by Daniel D. Rupwate
Remainder of title nineteenth textual sermons on administration of the church and fifteen textual sermons on administration of society /
260 ## - PUBLICATION, DISTRIBUTION, ETC. (IMPRINT)
Place of publication, distribution, etc Delhi
Name of publisher, distributor, etc ISPCK
Date of publication, distribution, etc 2017
270 ## - ADDRESS
Address Post Box 1585, 1654, Madarsa Road, Kashmere Gate, Delhi-110006
300 ## - PHYSICAL DESCRIPTION
Extent xii,349p
Dimensions 23cm.(pbk)
942 ## - ADDED ENTRY ELEMENTS (KOHA)
Source of classification or shelving scheme Dewey Decimal Classification
Item type English Books
Classification part 280.21
Call number suffix RUP
Holdings
Withdrawn status Lost status Not for loan Collection code Home library Current library Date acquired Source of acquisition Cost, normal purchase price Full call number Barcode Copy number Cost, replacement price Koha item type
    Not For Loan Non-fiction D.B.Act.Division Bawana 15/06/2017 DBAD/PUB 450.00 280.21 RUP EN-102189 1 450.00 English Books

© Delhi Public Library
Hit Counter
free hit counter